| Поле | Инд. | ПП | Название | Значение |
|---|---|---|---|---|
| Тип записи | a | |||
| Библиографический уровень | b | |||
| 001 | Контрольный номер | UNIDUBNA6022212bf44347c8bb221084d7d2a2f8 | ||
| 005 | Дата корректировки | 20260407121517.8 | ||
| 008 | Кодируемые данные | 20170331 | ||
| 040 | b | Код языка каталог. | rus | |
| e | Правила каталог. | PSBO | ||
| 041 | 0_ | a | Код языка текста | rus |
| 084 | a | Индекс другой классификации/Индекс ББК | 67.410.12 | |
| 100 | 1_ | a | Автор | Ланг П. П. |
| q | Полное имя | Ланг Петр Петрович | ||
| 100 | 1_ | a | Автор | Ширяева А. И. |
| q | Полное имя | Ширяева Анастасия Игоревна | ||
| 245 | 10 | a | Заглавие | Институт косвенных исков в корпоративных отношениях: теоретические и практические аспекты |
| 520 | 0_ | a | Аннотация | В данной статье проводится анализ теоретических аспектов функционирования института косвенных исков в рамках корпоративных споров. Несмотря на наличие нормативно-правового регулирования, косвенные иски не так часто встречаются в судебной практике в силу наличия большого количества спорных моментов в их применении. В данной работе авторы попытались дать ответ на некоторые из них и предложить возможные пути разрешения имеющихся проблем |
| 650 | 14 | a | Основная рубрика | арбитражное процессуальное право |
| a | Основная рубрика | право | ||
| a | Основная рубрика | процессуальное право | ||
| a | Основная рубрика | судопроизводство | ||
| 653 | 0_ | a | Ключевые слова | арбитражный процесс |
| a | Ключевые слова | Арбитражный процессуальный кодекс РФ | ||
| a | Ключевые слова | корпоративные правоотношения | ||
| a | Ключевые слова | косвенные иски | ||
| a | Ключевые слова | производные иски | ||
| a | Ключевые слова | судебные процессы | ||
| 773 | 08 | t | Заглавие источника | Российская юстиция |
| d | Дата издания источника | 2021 | ||
| g | Прочая информация | № 3. - С. 32 - 35 | ||
| w | Контрольный № источника | b885f12bde384f57bfa824b25e31dd75 | ||
| 901 | t | Тип документа | b |